000 00664nam a2200217 a 4500
001 BRL_1796
005 20190320211354.0
008 030815s1974----mx-#######---#000-0#spa-#
041 _aspa
044 _amx
050 4 _aE125.C4
_b.P36 1974
100 1 _aPaniagua Herrera, Jorge
_927899
245 1 0 _aHispanoamerica y Bartolome de las Casas, ayer y hoy
_cJorge Paniagua Herrera.
260 _aMéxico
_bComisión Nacional Editorial del Partido Revolucionario Institución
_c1974
300 _a46 p.
_c20 cm
500 _aAu1925
504 _aBibliografía: p. 46
600 1 4 _aCasas, Bartolomé de las,
_d1474-1566
_925547
902 _aGRL
942 _2lcc
_cB
999 _c10604
_d10604